| 000 | 00772nam a2200217 a 4500 | ||
|---|---|---|---|
| 001 | BRCA_7386 | ||
| 005 | 20190320205822.0 | ||
| 008 | 210313s1943----mx-#######---#000-0#spa-# | ||
| 041 | _aspa | ||
| 044 | _amx | ||
| 050 | 4 |
_aHC135 _b.V55 1943 |
|
| 100 | 1 |
_aVillaseñor Angeles, Eduardo _918235 |
|
| 245 | 1 | 0 |
_aLa economía de guerra en México _cEduardo Villaseñor Angeles. |
| 260 |
_aMéxico _bAsociación de Banqueros de México _c1943 |
||
| 300 | _a38 p. | ||
| 500 | _aConferencia del ciclo Problemas económicos americanos, dictada por el Paraninfo de la Universidad Nacional el día 7 de abril de 1943, por el Director General del Banco de México, S. A. | ||
| 500 | _aQ94 | ||
| 651 | 4 |
_aMéxico _xCondiciones económicas _92842 |
|
| 902 | _aGFM | ||
| 942 |
_2lcc _cB |
||
| 999 |
_c7062 _d7062 |
||